Fluid mechanics through worked out problems (Record no. 2538)

000 -LEADER
fixed length control field 00578nam a22002177a 4500
001 - CONTROL NUMBER
control field 2538
003 - CONTROL NUMBER IDENTIFIER
control field BD-DhUET
008 - FIXED-LENGTH DATA ELEMENTS--GENERAL INFORMATION
fixed length control field 140924b xxu||||| |||| 00| 0 eng d
020 ## - INTERNATIONAL STANDARD BOOK NUMBER
International Standard Book Number 9843109230
040 ## - CATALOGING SOURCE
Transcribing agency 0
Modifying agency BD-DhUET
082 ## - DEWEY DECIMAL CLASSIFICATION NUMBER
Classification number 532
Item number QUA/2006
100 ## - MAIN ENTRY--PERSONAL NAME
Personal name Quamrul Islam , Md.
245 ## - TITLE STATEMENT
Title Fluid mechanics through worked out problems
250 ## - EDITION STATEMENT
Edition statement 1st ed.
260 ## - PUBLICATION, DISTRIBUTION, ETC. (IMPRINT)
Place of publication, distribution, etc. Gazipur
Name of publisher, distributor, etc. Islamic University of Technology
Date of publication, distribution, etc. 2006
300 ## - PHYSICAL DESCRIPTION
Extent xii,777 p.
504 ## - BIBLIOGRAPHY, ETC. NOTE
Bibliography, etc Includes bibliographies
650 #0 - SUBJECT ADDED ENTRY--TOPICAL TERM
Topical term or geographic name as entry element Fluid mechanics
700 ## - ADDED ENTRY--PERSONAL NAME
Personal name Mondal , Amalesh Chandra
942 ## - ADDED ENTRY ELEMENTS (KOHA)
Koha item type General Book
Holdings
Lost status Sublocation or collection (holding branch) Not for loan Koha issues (times borrowed) Koha date last borrowed Koha full call number Date acquired Source of classification or shelving scheme Shelving location Withdrawn status Copy number Koha normalized classification for sorting Price effective from Piece designation (barcode) Koha date last seen Location (home branch) Koha item type Koha renewals Damaged status Koha out on loan
 Central Library, BUET 92024-08-31532/QUA/20062014-09-24 Circulation section 1532QUA20062014-09-241027492024-08-31Central Library, BUETGeneral Book  2024-09-14
 Central Library, BUET 162025-08-10532/QUA/20062014-09-24 Circulation section 2532_000000000000000_QUA_20062014-09-241027502025-11-09Central Library, BUETGeneral Book   
 Central Library, BUET 152026-03-30532/QUA/20062014-09-24 Circulation section 3532_000000000000000_QUA_20062014-09-241027512026-04-12Central Library, BUETGeneral Book1  
 Central Library, BUET 242025-06-30532/QUA/20062015-08-17 Circulation section 4532_000000000000000_QUA_20062015-08-171027482025-06-30Central Library, BUETGeneral Book  2025-07-14
 Central Library, BUET 102023-12-02532/QUA/20062006-11-06 Circulation section 5532_000000000000000_QUA_20062018-04-211027522023-12-02Central Library, BUETGeneral Book  2023-12-16